Partnering and collaborative working (Record no. 103099)
[ view plain ]
| 000 -LEADER | |
|---|---|
| fixed length control field | 02408cam a2200613 4500 |
| 008 - FIXED-LENGTH DATA ELEMENTS--GENERAL INFORMATION | |
| fixed length control field | 030924n2003 000 0 eng u |
| 020 ## - INTERNATIONAL STANDARD BOOK NUMBER | |
| International Standard Book Number | 1843112485 |
| 035 ## - SYSTEM CONTROL NUMBER | |
| System control number | (Sirsi) u123710 |
| 041 ## - LANGUAGE CODE | |
| Language code of text/sound track or separate title | eng |
| 050 ## - LIBRARY OF CONGRESS CALL NUMBER | |
| Classification number | 692.8 |
| -- | 21 |
| 245 ## - TITLE STATEMENT | |
| Title | Partnering and collaborative working |
| Remainder of title | law and industry practice |
| 260 ## - PUBLICATION, DISTRIBUTION, ETC. | |
| Place of publication, distribution, etc. | London |
| Name of publisher, distributor, etc. | LLP |
| Date of publication, distribution, etc. | 2003 |
| 300 ## - PHYSICAL DESCRIPTION | |
| Extent | xxxiii, 262p. |
| Dimensions | 24cm. |
| 350 ## - PRICE (NR) (BK AM CF MU VM SE) [OBSOLETE] | |
| Price | 90 |
| 490 ## - SERIES STATEMENT | |
| Series statement | LLP Practical Construction Guides |
| 505 ## - FORMATTED CONTENTS NOTE | |
| Formatted contents note | The story so far: the history of partnering; the management challenges of partnering |
| 505 ## - FORMATTED CONTENTS NOTE | |
| Formatted contents note | The role of technology |
| 505 ## - FORMATTED CONTENTS NOTE | |
| Formatted contents note | The future: the next step for partnering; the next step for the construction industry |
| 505 ## - FORMATTED CONTENTS NOTE | |
| Formatted contents note | Case studies: Kent Property Services; Ministry of Defence and Bucknall Prime Solutions; Taylor Woodrow Strategic Alliance Partnership; the Durham Schools Partnering Projects; Scottish Water |
| 505 ## - FORMATTED CONTENTS NOTE | |
| Formatted contents note | The role of lawyers |
| 505 ## - FORMATTED CONTENTS NOTE | |
| Formatted contents note | Procurement and competition issues |
| 505 ## - FORMATTED CONTENTS NOTE | |
| Formatted contents note | Contracting for good faith |
| 505 ## - FORMATTED CONTENTS NOTE | |
| Formatted contents note | Time, cost and quality |
| 505 ## - FORMATTED CONTENTS NOTE | |
| Formatted contents note | Intellectual property rights |
| 505 ## - FORMATTED CONTENTS NOTE | |
| Formatted contents note | Insurance in a changing industry |
| 505 ## - FORMATTED CONTENTS NOTE | |
| Formatted contents note | Resolution of disputes |
| 520 ## - SUMMARY, ETC. | |
| Summary, etc. | This book addresses key industry and legal issues concerning partnering and collaborative working from a practical viewpoint, explaining how these issues are dealt with in the existing partnering standard form contracts. It also provides an industry and historic perspective on experience to date. Tables of cases, legislation, standard forms and industry reports. |
| 650 ## - SUBJECT ADDED ENTRY--TOPICAL TERM | |
| Topical term or geographic name entry element | COLLABORATION |
| 650 ## - SUBJECT ADDED ENTRY--TOPICAL TERM | |
| Topical term or geographic name entry element | PARTNERING |
| 650 ## - SUBJECT ADDED ENTRY--TOPICAL TERM | |
| Topical term or geographic name entry element | BUILT ENVIRONMENT-BUILDING CONTRACT FORMS |
| 650 ## - SUBJECT ADDED ENTRY--TOPICAL TERM | |
| Topical term or geographic name entry element | CONSTRUCTION INDUSTRY |
| 650 ## - SUBJECT ADDED ENTRY--TOPICAL TERM | |
| Topical term or geographic name entry element | CONSTRUCTION PROCUREMENT |
| 690 ## - LOCAL SUBJECT ADDED ENTRY--TOPICAL TERM (OCLC, RLIN) | |
| Topical term or geographic name as entry element | Procurement |
| 9 (RLIN) | 6260 |
| 700 ## - ADDED ENTRY--PERSONAL NAME | |
| Personal name | Jones, David |
| International Standard Serial Number | Editor |
| 700 ## - ADDED ENTRY--PERSONAL NAME | |
| Personal name | Savage, David |
| International Standard Serial Number | Editor |
| 700 ## - ADDED ENTRY--PERSONAL NAME | |
| Personal name | Westgate, Rona |
| International Standard Serial Number | Editor |
| 700 ## - ADDED ENTRY--PERSONAL NAME | |
| Personal name | Hosie, Jonathan |
| 700 ## - ADDED ENTRY--PERSONAL NAME | |
| Personal name | Graham, Katie |
| 700 ## - ADDED ENTRY--PERSONAL NAME | |
| Personal name | Milner, Marina |
| 700 ## - ADDED ENTRY--PERSONAL NAME | |
| Personal name | Cooke, Richard |
| 700 ## - ADDED ENTRY--PERSONAL NAME | |
| Personal name | Wilkinson, Paul |
| 700 ## - ADDED ENTRY--PERSONAL NAME | |
| Personal name | Crane, Alan |
| 700 ## - ADDED ENTRY--PERSONAL NAME | |
| Personal name | Butler, Mike |
| 700 ## - ADDED ENTRY--PERSONAL NAME | |
| Personal name | Grayson, Linda |
| 700 ## - ADDED ENTRY--PERSONAL NAME | |
| Personal name | Harvey, Diana |
| 700 ## - ADDED ENTRY--PERSONAL NAME | |
| Personal name | Ramsden, Corin |
| 700 ## - ADDED ENTRY--PERSONAL NAME | |
| Personal name | Heenan, Brona |
| 700 ## - ADDED ENTRY--PERSONAL NAME | |
| Personal name | Corcoran, Tara |
| 700 ## - ADDED ENTRY--PERSONAL NAME | |
| Personal name | Ward, Don |
| 700 ## - ADDED ENTRY--PERSONAL NAME | |
| Personal name | Saxon, Richard |
| 700 ## - ADDED ENTRY--PERSONAL NAME | |
| Personal name | Brown, Tony |
| 700 ## - ADDED ENTRY--PERSONAL NAME | |
| Personal name | Brien, Charles |
| 942 ## - ADDED ENTRY ELEMENTS (KOHA) | |
| Suppress in OPAC | 0 |
| Withdrawn status | Lost status | Source of classification or shelving scheme | Damaged status | Not for loan | Home library | Current library | Shelving location | Date acquired | Cost, normal purchase price | Total Checkouts | Full call number | Barcode | Date last seen | Date last checked out | Copy number | Cost, replacement price | Price effective from | Koha item type |
|---|---|---|---|---|---|---|---|---|---|---|---|---|---|---|---|---|---|---|
| Dewey Decimal Classification | London | London | Missing | 21/04/2004 | 95.00 | 10 | 692.8 JON | 30069204 | 06/08/2019 | 14/09/2005 | 1 | 95.00 | 06/08/2019 | Book | ||||
| Dewey Decimal Classification | London | London | Books | 01/10/2007 | 125.00 | 5 | 692.8 JON | 30074214 | 06/08/2019 | 10/10/2008 | 2 | 125.00 | 06/08/2019 | Book |